000 00446nam a2200181Ia 4500
001 497
005 20260306140522.0
008 260306t2005||||xx |||||||||||||| ||spa||
041 _aESP
082 _a121
_bS21
100 _aSanguineti, Juan José,
_eAUT
245 0 _aEl conocimiento humano :
_buna perspectiva filosófica
260 _c2005
300 _a349 páginas :
_c22 cm.
650 _aGEN
654 _aCHU
942 _cLIB
_dJUS
_fJUS
_2ddc
_n
999 _c497
_d497